| 000 | 00415nam a22001577a 4500 | ||
|---|---|---|---|
| 999 |
_c3469 _d3469 |
||
| 008 | 200616b ||||| |||| 00| 0 eng d | ||
| 020 | _a0030599342 | ||
| 082 | 0 | 0 |
_a004.165 _bD141 |
| 100 |
_92856 _aDaley, H. O. |
||
| 245 | 1 | 0 |
_aFundamentals of microprocessors / _cby H. O. Daley |
| 250 | _a1st ed. | ||
| 260 |
_aNew York _bHolt-Saunders _c1983 |
||
| 300 | _axiii, 261 p. | ||
| 650 | 0 | _aMicroprocessors | |
| 942 | _cBK | ||